000
00339 a2200157 4500
001
71551
020
_a
040
_c
Anchieta - Colégio São Paulo
240
1
0
_a
A festa dos ursinhos
_l
por
245
1
0
_a
A festa dos ursinhos
300
_a
13
362
0
_a
0
440
1
_a
Ática
650
4
_a
Literatura infanto-juvenil
942
_c
BK
999
_c
71551
_d
71551